Insect Sampling in Forest Ecosystems

Bibliographic Details
Format: Book
Published: Australia : Blackwell Science Ltd. , 2005
Subjects:

MARC

LEADER 00000cam a2200000 7i4500
001 0000004061
005 20160118.0
020 0 0 |a 0632053887 
090 0 0 |a 634.967072   |b SIM 2005 
245 1 0 |a Insect Sampling in Forest Ecosystems   |c edited by Simon Leather 
260 0 0 |a Australia :   |b Blackwell Science Ltd. ,   |c 2005 
300 |a xi, 303 p. ;   |c 24 cm. 
504 0 0 |a Includes bibliographical references 
650 0 0 |a Ecologica lsurveys 
650 0 0 |a Forest insects---Research ---Methodology 
650 0 0 |a Forest surveys 
998 |a JPSM 
999 |a 007892   |b Monograph   |c Open Shelf   |e Default branch